Datum a čas kvízu
23
Celkem bodů
Celkový počet nahraných bodů na tomto kvízu bez doplňovacích otázek.
6.
Pořadí na kvízu
Konečné umístění týmu na tomto kvízu.
Zaznamenané odpovědi
| # | Otázka | Odpověď | Body | Výsledky |
|---|---|---|---|---|
| 1. | Tým CNN Prima News bude posíle... | Markéta Fialová | 1 | |
| 2. | Česká komisařka Věra Jourová s... | hodnoty a transparentnost | 0 | |
| 3. | Kanadská spisovatelka Margaret... | Příběh služebnice | 0 | |
| 4. | Provozovatel hongkongské akcio... | Londýn | 1 | |
| 5. | Kdeže jsou ty časy, kdy naši t... | Bosna a Hercegovina | 1 | |
| 6. | Když už jsme tu měli minulý tý... | dopamin | 0 | |
| 7. | Syn boha války Area a bohyně l... | Erós | 0 | |
| 8. | Příponu -filie mají různá slov... | Viktorie | 0 | |
| 9. | Láska je samozřejmě nevyčerpat... | 1A 2D 3B 4C | 1 | |
| 10. | Jak se jmenuje herečka, která... | Gwyneth Paltrow | 0 |